00641nam a2200241 a 4500001001300000003000900013005001700022008004100039020000800080082001800088100001400106245001500120260004300135300000900178500003500187505001700222650002000239700001400259902000800273942000700281952009600288999001500384nice12345678IN_TiNIC20260116011421.0050524s1935 lona grp 000 0 eng  ac000a297.822bIVA6 aIvanow, W aKalami Pir aLondonbOxford University Press c1935 a146p aincludes index and biblioraphy2 aBibliography aIslam-Doctrines1 aIvanow, W bRBA cBK 00104070aHMIbHMId2005-05-24g0.00l0o297.822 IVA6p01226r2025-07-01w2026-01-16yEB c1339d1339